Score 0/24 Timer 12:00
0 Plays Today
Hint Answer % Correct
You're as classy as your nasty hair extensions.Everything about you is a lie. Your boobs are a lie; your face is a lie. The only thing honest about you is the pimples on your chin???
95.1%
Maybe Matt wasn't the Brains after all because I beat him, and you know I'm not the sharpest knife in the drawer???
93.8%
I would never wipe my face with a real dollar bill; that's sickening. I mean most of those, let's face it, come out of strippers G-strings???
88.9%
You're a homo sapien Brendon, not a wizard???
86.7%
I'm going to miss talking about how highwasted Kristens pants are, how skanky Rachel is dressing, how annoying her laugh is, and all the things we do with her hair extensions ???
86.7%
I'm so pissed right now. We were so freakin close, and we let some idiot, who wasn't even smart enough to put pants on before we started the competition, win.???
86.3%
I lost my dignity on a slippery wiener???
85.8%
I've fought so hard that I have to get another injection of Botox because I have so many wrinkles right now???
85.4%
If giving up a half million dollars for somebody you love makes you an idiot, I guess i'm an idiot???
84.5%
We formed this alliance called the Brigade. I have no clue what a brigade is???
83.6%
When I saw Rachel walk through that door, I wanted to throw up all over myself???
82.3%
Why don't you get us a drink, Ra-tress???
81.4%
Hint Answer % Correct
The challenge is like a Texas bar fight. You get slammed from wall to wall. People pour alcohol on your head, and you wake up the next morning and your testicles hurt???
81%
Slop, to me, is like an ex-girlfriend. I want nothing to do with it???
76.5%
You got Sabo-bitched by her, yo???
75.7%
Someone that really stuck on to me was Andrew because he's Jewish and so he wears a Yom Kippur - I believe that's what it's called???
75.2%
I didn't know Jewish guys wore ninja outfits when they pray. That's the good thing about Big Brother, I can learn about different cultures and how they work???
74.3%
Rachel's laugh is like a cackling hyena mixed with a hog off a farm???
74.3%
$5,000? That's more than i've made in the past two years!???
73.9%
I have spent the last week crying like a 40-year-old woman watching Oprah.. I'm sure I'm like a bipolar hot tranny mess???
73.5%
I've been called a ballbuster before, but who knew I was actually that good at it????
72.6%
I vote to institutionalize and evict Andrew ???
70.8%
I don't usually go sliding on KY jelly, believe it or not???
69.5%
Brains go out the window as soon as you walk through those doors???
62.8%
Remove Ads.
Support Sporcle.
Get the best of Sporcle when you Go Orange. This ad-free experience offers more features, more stats, and more fun while also helping to support Sporcle. Thank you for becoming a member.

You're not logged in!

Compare scores with friends on all Sporcle quizzes.
OR
Log In

Show Comments

Extras

Created Dec 23, 2014ReportNominate
Tags:Quote Quiz, Big Brother, Brother, USA

Top Quizzes Today


Score Distribution

Your Account Isn't Verified!

In order to create a playlist on Sporcle, you need to verify the email address you used during registration. Go to your Sporcle Settings to finish the process.

Report this User

Report this user for behavior that violates our Community Guidelines.

Details: